000 01249nam a2200337 i 4500
001 455
003 KOSZ 005
005 20200630132815.0
008 040507s1975 pl a |000 0 pol
015 _aPB 1975/8432
035 _a(OCoLC)830568860
040 _aWA N
_cWA N
_dKOSZ 005/EG
041 1 _apol
_heng
046 _k1975
080 _a538.9
100 1 _aRudden, M. N.
_eAutor
245 1 0 _aElementy fizyki ciała stałego /
_cM. N. Rudden, J. Wilson ; tł. z ang. Edward Pietras, Olgierd Korgowd.
246 1 _iTyt. oryg.:
_aSimplified approach to solid state physics.
260 _aWarszawa :
_bPaństwowe Wydaw. Naukowe,
_c1975.
300 _a209, [2] s., [2] tabl. :
_bil., tab., wykr., err. ;
_c25 cm.
380 _aKsiążki.
500 _aTyt. oryg.: A simplified approach to solid state physics, 1971.
658 _aFizyka i astronomia
650 4 _aFizyka ciała stałego
700 1 _aWilson, John.
_eAutor
700 1 _aPietras, Edward.
_eTłumaczenie
700 1 _aKorgowd, Olgierd.
_eTłumaczenie
710 2 _aPaństwowe Wydawnictwo Naukowe
_4pbl.
856 _uhttp://koha.tu.koszalin.pl/cgi-bin/koha/opac-detail.pl?biblionumber=455
_yKatalog online BPK
942 _2UKD
_cKS
999 _c455
_d455